Geography quiz #1 - Statistics

General Stats
  • This quiz has been taken 44 times
  • The average score is 19 of 23
Answer Stats
Hint Answer % Correct
How many States does the United States consist of? 50
100%
What is the largest U.S. state by area? Alaska
100%
How much procent of the ocean is explored? 5
97%
What is the capital of Scotland? Edinburgh
97%
What is the name of the longest river in Africa? The Nile
97%
Which country is the largest producer of rice in the world? China
95%
How many time zones does Australia have? 3
92%
In which American state is the Grand Canyon? Arizona
89%
How many countries are there in south america? 12
87%
In which museum would you find the Mona Lisa? Louvre
87%
In which U.S. state can the world’s tallest trees be found? California
84%
What is The Netherlands also called? Holland
84%
What is the largest capital city in North America? Mexico City
84%
What country has the most natural lakes? Canada
79%
Kuala Lumpur is the capital of which country? Malaysia
79%
What is the capital of the Bahama's? Nassau
76%
What was the original capital of the U.S.? New York
76%
What is the official currency of India? Rupee
76%
Baku is the capital of what country? Azerbaijan
68%
What is the capital of costa rica? San Jose
66%
What country border directly north of Hungary? Slovakia
61%
Recife is a city located in which country? Brazil
55%
What are the names of South Africa’s capital cities Cape town
47%
No matching quizzes found
Score Distribution
Percent of People with Each Score
Percentile by Number Answered
Your Score History
You have not taken this quiz